Thể dục 4 Sách giáo viên

Gespeichert in:
Bibliographische Detailangaben
1. Verfasser: Trần, Đồng Lâm
Weitere Verfasser: Đặng, Đức Thao
Format: Buch
Sprache:Undetermined
Veröffentlicht: H. Giáo dục 2005
Schlagworte:
Online Zugang:http://lrc.tdmu.edu.vn/opac/search/detail.asp?aID=2&ID=4540
Tags: Tag hinzufügen
Keine Tags, Fügen Sie den ersten Tag hinzu!
Thư viện lưu trữ: Trung tâm Học liệu Trường Đại học Thủ Dầu Một
LEADER 00697nam a2200217Ia 4500
001 TDMU_4540
008 210410s9999 xx 000 0 und d
082 |a 796.44072 
090 |b TR105 
100 |a Trần, Đồng Lâm 
245 0 |a Thể dục 4 
245 0 |b Sách giáo viên 
245 0 |c Trần Đồng Lâm 
260 |a H. 
260 |b Giáo dục 
260 |c 2005 
300 |a 167tr 
650 |a Thể dục  |x Giảng dạy và học tập ; Sách giáo viên lớp 4 
700 |a Đặng, Đức Thao 
856 |u http://lrc.tdmu.edu.vn/opac/search/detail.asp?aID=2&ID=4540 
980 |a Trung tâm Học liệu Trường Đại học Thủ Dầu Một